| 000 | 00681nam a2200217 a 4500 | ||
|---|---|---|---|
| 005 | 20240919064303.0 | ||
| 008 | 010614s1998 mx r 000 0 spa d | ||
| 020 | _a8425217652 | ||
| 035 | _aUPN01000108352 | ||
| 049 | _aCG | ||
| 050 | 4 |
_aNC997 A5 _bW5.48 |
|
| 100 | 1 | _aWildbur, Peter | |
| 245 | 1 | 0 |
_aInfográfica : _bsoluciones innovadoras en el diseño contemporáneo / _cPeter Wildbur, Michael Burke ; tr. Andreu Cabré. |
| 260 |
_aBarcelona, Esp.: _bG. Gili, _c1998. |
||
| 300 |
_a176 p. : _bil., col. |
||
| 500 | 0 | _aCon 300 ilustraciones a todo color. | |
| 650 | 0 | 4 |
_aArte comercial _92449 |
| 650 | 2 |
_aDiseño _914202 |
|
| 700 | 1 |
_aBurke, Michael _ecoaut. |
|
| 905 | _aLibro | ||
| 999 |
_c82264 _d82264 |
||